000 00394nam a2200157Ia 4500
008 230917s9999||||xx |||||||||||||| ||und||
040 _e209460
_aMAIN
041 _aEnglish
082 _a294.561 R14C(2)
100 _aRam Chandra
245 0 _aComplete works of Ram Chandra
250 _a2nd ed.
260 _aChennai
_bShri Ram Chandra Mission
_c1999
300 _ax, 388 p.
942 _cBK
999 _c167925
_d167925